Normal view MARC view

Entry Nombre personal

Number of records used in: 2

001 - NÚMERO DE CONTROL

  • campo de control: 1150

003 - IDENTIFICADOR DE NÚMERO DE CONTROL

  • campo de control: DLC

005 - FECHA Y HORA DE LA ÚLTIMA TRANSACCIÓN

  • campo de control: 20260429082930.0

008 - ELEMENTOS DE DATO DE LONGITUD-FIJA

  • campo de control de longitud fija: 821217n| acannaab| |a aaa |||

010 ## - NÚMERO DE CONTROL DE LA BIBLIOTECA DEL CONGRESO

  • Número de control de LC: n 82138902

040 ## - FUENTE DE CATALOGACIÓN

  • Centro catalogador/agencia de origen: DLC
  • Centro/agencia transcriptor: DLC

100 10 - ENCABEZAMIENTO-NOMBRE DE PERSONA

  • Nombre de persona: Matthew, Donald,
  • Fechas asociadas al nombre: 1930-

400 10 - TRAZADO DE VÉASE--NOMBRE DE PERSONA

  • Subcampo de control: nna
  • Nombre de persona: Matthew, Donald James Alexander,
  • Fechas asociadas al nombre: 1930-

400 10 - TRAZADO DE VÉASE--NOMBRE DE PERSONA

  • Nombre de persona: Matthew, D. J. A.
  • Forma completa/desarrollada del nombre: (Donald James Alexander),
  • Fechas asociadas al nombre: 1930-

670 ## - FUENTE DE DATOS ENCONTRADOS

  • Cita de la fuente: His The Norman Monasteries and their English possessions, 1962.

670 ## - FUENTE DE DATOS ENCONTRADOS

  • Cita de la fuente: His Atlas of medieval Europe, 1983:
  • Información encontrada: CIP t.p. (Donald Matthew)